000 00583 a2200193 4500
999 _c5471
_d5471
010 _aENG-86871
020 _c160.00
_a8183187382
035 _aEN-70404
037 _bDBAD / PUB
082 1 4 _a332.1
100 1 _aGordon, E.
245 1 _aFinancial markets and institutons /
_cby E.Gordon
250 _a2nd rev ed
260 _aMumbai
_bHimalaya Publishing House
_c2007
270 _a"Ramdoot", Dr. Bhalerao Marg, Girgaon
_bMumbai
_e400 004
_cMah.
_mhimpub@vsnl.com
300 _a264p
_c24cm (Pbk)
500 _aIncludes index
942 _adpl
_cEN
_2ddc
_h332.1
_mGOR